[Event "FESTIVAL DES JEUX - OPEN A"]
[Site "CANNES"]
[Date "2006.02.12"]
[Round "1.1"]
[White "Hoffmann, Hans"]
[Black "Miladinovic, Igor"]
[Result "0-1"]
[WhiteElo "2205"]
[BlackElo "2607"]
[PlyCount "80"]
[EventDate "2006.??.??"]

1. c4 Nc6 2. Nc3 e5 3. g3 g6 4. Bg2 Bg7 5. Nf3 d6 6. O-O Nf6 7. d3 O-O 8. Rb1
a5 9. a3 Nd4 10. e3 Ne6 11. b4 axb4 12. axb4 c6 13. b5 Bd7 14. bxc6 bxc6 15.
Bd2 Re8 16. Qc2 Nc5 17. e4 Qc8 18. Ra1 Rxa1 19. Rxa1 Bg4 20. Be3 Ne6 21. Ng5
Nd4 22. Bxd4 exd4 23. Nd1 h6 24. Nf3 d5 25. cxd5 cxd5 26. Qxc8 Rxc8 27. exd5
Nxd5 28. h3 Bf5 29. Ne1 Nb4 30. Nb2 h5 31. Kf1 Rc3 32. Ke2 Rb3 33. Nc4 Nxd3 34.
Ra8+ Kh7 35. Bd5 Nxe1 36. Kxe1 d3 37. Bxf7 Bc3+ 38. Kf1 Rb1+ 39. Kg2 Be4+ 40.
f3 Bxa8 0-1

[Event "FESTIVAL DES JEUX - OPEN A"]
[Site "CANNES"]
[Date "2006.02.12"]
[Round "1.2"]
[White "Fedorchuk, Sergey A"]
[Black "Lamorelle, Yves"]
[Result "1-0"]
[WhiteElo "2590"]
[BlackElo "2204"]
[PlyCount "51"]
[EventDate "2006.??.??"]

1. e4 e5 2. Nf3 Nc6 3. Bb5 a6 4. Ba4 Nf6 5. O-O Be7 6. Re1 b5 7. Bb3 d6 8. c3
O-O 9. h3 Nd7 10. d3 Na5 11. Bc2 c5 12. Nbd2 Nb6 13. Nf1 Nc6 14. Ne3 d5 15.
exd5 Nxd5 16. Nxd5 Qxd5 17. d4 cxd4 18. Be4 Qd6 19. Nxe5 Nxe5 20. Bxa8 Bxh3 21.
Qxd4 Rxa8 22. Qxe5 Qg6 23. Qe4 Qxe4 24. Rxe4 Be6 25. Be3 Kf8 26. a4 1-0

[Event "FESTIVAL DES JEUX - OPEN A"]
[Site "CANNES"]
[Date "2006.02.12"]
[Round "1.3"]
[White "Borzakian, Manouk"]
[Black "Ivanisevic, Ivan"]
[Result "0-1"]
[WhiteElo "2199"]
[BlackElo "2588"]
[PlyCount "86"]
[EventDate "2006.??.??"]

1. e4 c5 2. Nf3 e6 3. Nc3 Nc6 4. d4 cxd4 5. Nxd4 Qc7 6. g3 a6 7. Bg2 Nf6 8. O-O
Bc5 9. Nxc6 dxc6 10. Na4 Ba7 11. c4 b5 12. e5 Nd7 13. cxb5 axb5 14. Nc3 Ba6 15.
a4 b4 16. Nb5 Bxb5 17. axb5 Bxf2+ 18. Kxf2 Rxa1 19. Bxc6 f6 20. exf6 O-O 21.
Qxd7 Rxf6+ 22. Ke2 Qxd7 23. Bxd7 Rxf1 24. Bxe6+ Kh8 25. Kxf1 Rxc1+ 26. Ke2 Rc5
27. Bd7 Rd5 28. Bc6 Rd6 29. Ke3 Kg8 30. Ke4 Kf7 31. Ke5 Ke7 32. Bd5 Rh6 33. h4
Rh5+ 34. Kd4 Kd6 35. Be4 Rxb5 36. Bxh7 Rc5 37. g4 Rc1 38. h5 Rf1 39. Ke4 Rb1
40. Kd4 Rxb2 41. Kc4 Rf2 42. Kxb4 Rf4+ 43. Kc3 Rxg4 0-1

[Event "FESTIVAL DES JEUX - OPEN A"]
[Site "CANNES"]
[Date "2006.02.12"]
[Round "1.4"]
[White "Palac, Mladen"]
[Black "Lagrotteria, Salvatore"]
[Result "1-0"]
[WhiteElo "2561"]
[BlackElo "2184"]
[PlyCount "81"]
[EventDate "2006.??.??"]

1. e4 c5 2. Nf3 d6 3. Bc4 Nc6 4. c3 Nf6 5. d3 e6 6. Bb3 Be7 7. O-O O-O 8. Re1
e5 9. Nbd2 b5 10. Nf1 Na5 11. Bc2 g6 12. h3 h5 13. d4 Qc7 14. b3 Bb7 15. d5 Kg7
16. Ne3 Bc8 17. Bd2 Bd7 18. c4 b4 19. a3 Rfb8 20. Rf1 Rb7 21. axb4 cxb4 22. Ra2
Re8 23. Qb1 Nh7 24. Qb2 Bd8 25. Rfa1 Qc5 26. Ne1 h4 27. Nd3 Qc8 28. Rxa5 Bxh3
29. Ra6 Ng5 30. Nf4 Bxg2 31. Kxg2 Rb6 32. Rxa7 Kg8 33. Ra8 Qd7 34. Rh1 exf4 35.
Rxh4 f6 36. Ng4 Nh7 37. Rxd8 Qxd8 38. Rxh7 Kxh7 39. Nxf6+ Kh6 40. Bxf4+ g5 41.
Nxe8 1-0

[Event "FESTIVAL DES JEUX - OPEN A"]
[Site "CANNES"]
[Date "2006.02.12"]
[Round "1.5"]
[White "Boukobza, Adrien"]
[Black "Karpatchev, Aleksandr"]
[Result "1-0"]
[WhiteElo "2181"]
[BlackElo "2530"]
[PlyCount "63"]
[EventDate "2006.??.??"]

1. d4 d5 2. c4 Nc6 3. Nc3 dxc4 4. e3 e5 5. d5 Nce7 6. Bxc4 a6 7. a4 Ng6 8. Nf3
Nf6 9. O-O Bd6 10. e4 O-O 11. Ne1 Nd7 12. Nd3 Qf6 13. Ne2 Nf4 14. Nexf4 exf4
15. Bd2 Qd4 16. Qc1 Nb6 17. b3 Qxe4 18. Re1 Qf5 19. Nxf4 Bd7 20. a5 Nxc4 21.
bxc4 Rae8 22. Rxe8 Rxe8 23. Be3 Re4 24. g3 Qf6 25. Rb1 Bxf4 $2 26. Bxf4 Bh3 $2
27. Rxb7 g5 28. Rb8+ Kg7 29. Bxg5 Qe5 30. Bh6+ Kf6 31. Re8 $3 Be6 32. Be3 1-0

[Event "FESTIVAL DES JEUX - OPEN A"]
[Site "CANNES"]
[Date "2006.02.12"]
[Round "1.6"]
[White "Cvitan, Ognjen"]
[Black "Scharrer, Patrick"]
[Result "1-0"]
[WhiteElo "2528"]
[BlackElo "2179"]
[PlyCount "115"]
[EventDate "2006.??.??"]

1. c4 g6 2. d4 Nf6 3. Nf3 Bg7 4. g3 O-O 5. Bg2 d6 6. O-O Nbd7 7. Nc3 e5 8. e4
exd4 9. Nxd4 Re8 10. h3 Nc5 11. Re1 a5 12. Rb1 c6 13. Bf4 Nh5 14. Be3 Nf6 15.
Qc2 a4 16. b4 axb3 17. axb3 Qe7 18. Rbd1 Bd7 19. f3 Ne6 20. Nde2 Red8 21. f4
Be8 22. Bb6 Rdc8 23. Bf2 b5 24. Rd2 bxc4 25. bxc4 Bf8 26. Red1 Qb7 27. f5 Ng7
28. c5 dxc5 29. e5 Nd7 30. Ne4 Nxe5 31. Qc3 Qc7 32. g4 c4 33. Bg3 Qb6+ 34. Kh2
Nd3 35. Qxc4 Nb2 36. Nf6+ Kh8 37. Qf4 Nxf5 38. gxf5 Nxd1 39. Nxh7 Qe3 40. Nxf8
Qxf4 41. Bxf4 Kg8 42. Rxd1 Kxf8 43. Ng3 Ra2 44. Ne4 c5 45. Bh6+ Kg8 46. Nf6+
Kh8 47. Kg3 Rb8 48. fxg6 fxg6 49. Nxe8 Rxe8 50. Rd7 Ra3+ 51. Kg4 Ra4+ 52. Kg5
Re5+ 53. Kf6 Re2 54. Bg7+ Kh7 55. Bf8+ Kg8 56. Bd5+ Kxf8 57. Rf7+ Ke8 58. Bc6+
1-0

[Event "FESTIVAL DES JEUX - OPEN A"]
[Site "CANNES"]
[Date "2006.02.12"]
[Round "1.7"]
[White "Mayer, Joachim"]
[Black "King, Daniel J"]
[Result "0-1"]
[WhiteElo "2175"]
[BlackElo "2526"]
[PlyCount "120"]
[EventDate "2006.??.??"]

1. d4 e6 2. e3 b6 3. f4 Bb7 4. Nf3 Nf6 5. Bd3 g6 6. c3 Bg7 7. O-O O-O 8. Qe2 d5
9. Nbd2 Nbd7 10. Ne5 c5 11. Ndf3 Ne4 12. Bd2 f6 13. Nxd7 Qxd7 14. Be1 Bc6 15.
Bh4 Nd6 16. Rac1 Rac8 17. Rfd1 Ba4 18. b3 c4 19. Bc2 Bb5 20. b4 a5 21. bxa5
bxa5 22. Rb1 Rb8 23. Rb2 Bc6 24. Rdb1 Rb5 25. Rxb5 Nxb5 26. Be1 Na3 27. Rb2 Qc7
28. Bd1 Rb8 29. Qd2 Bf8 30. Qc1 Nb5 31. Rb1 Ba3 32. Qc2 Rb7 33. Bg3 Nd6 34. Nd2
Qc8 35. Bf3 Qb8 36. f5 gxf5 37. Rxb7 Qxb7 38. Nb1 Nb5 39. Bh4 Be7 40. Qc1 a4
41. Bd1 Nd6 42. Bf2 Be8 43. Bh4 Bg6 44. Bxa4 f4 45. Bc2 fxe3 46. Bxg6 hxg6 47.
Be1 Ne4 48. Qc2 Kf7 49. Kf1 f5 50. g3 g5 51. a4 f4 52. Kg2 Qa8 53. Qd1 Ke8 54.
Qh5+ Kd7 55. Qd1 Qb8 56. Qc2 Bd6 57. Qa2 fxg3 58. h3 Qb3 59. Qxb3 cxb3 60. Kf3
b2 0-1

[Event "FESTIVAL DES JEUX - OPEN A"]
[Site "CANNES"]
[Date "2006.02.12"]
[Round "1.8"]
[White "Fontaine, Robert"]
[Black "Hallerod, Ralph"]
[Result "1-0"]
[WhiteElo "2524"]
[BlackElo "2171"]
[PlyCount "67"]
[EventDate "2006.??.??"]

1. e4 c6 2. d4 d5 3. Nd2 dxe4 4. Nxe4 Nf6 5. Nxf6+ gxf6 6. c3 Bf5 7. Ne2 e6 8.
Ng3 Bg6 9. h4 h5 10. Be2 Qa5 11. a3 Bd6 12. b4 Qd8 13. Nxh5 a5 14. Nf4 axb4 15.
Nxg6 fxg6 16. Qd3 f5 17. Qc4 Kd7 18. g3 bxc3 19. Qb3 b5 20. Ra2 Na6 21. Bf3 Nc7
22. O-O Nd5 23. Bxd5 exd5 24. Qxc3 f4 25. Rc2 Qc7 26. Qf3 Raf8 27. Qg4+ Kd8 28.
Re1 Qd7 29. Re6 Kc7 30. Rce2 fxg3 31. fxg3 Kb6 32. Qxg6 Bb8 33. Qc2 Rf7 34.
Qc5+ 1-0

[Event "FESTIVAL DES JEUX - OPEN A"]
[Site "CANNES"]
[Date "2006.02.12"]
[Round "1.9"]
[White "Muller, Anne"]
[Black "Maze, Sebastien"]
[Result "0-1"]
[WhiteElo "2169"]
[BlackElo "2518"]
[PlyCount "38"]
[EventDate "2006.??.??"]

1. e4 c5 2. Nf3 a6 3. c4 d6 4. d4 Bg4 5. d5 Nd7 6. Be2 Bxf3 7. Bxf3 g6 8. Nc3
Bg7 9. O-O Ngf6 10. Be2 O-O 11. Be3 Ne8 12. Qd2 Qa5 13. Rac1 Nc7 14. a3 Rfb8
15. f4 b5 16. e5 Nb6 17. cxb5 axb5 18. exd6 exd6 19. Bf3 Nc4 0-1

[Event "FESTIVAL DES JEUX - OPEN A"]
[Site "CANNES"]
[Date "2006.02.12"]
[Round "1.10"]
[White "Kekelidze, Mikheil"]
[Black "Minnican, Alan"]
[Result "1-0"]
[WhiteElo "2516"]
[BlackElo "2166"]
[PlyCount "91"]
[EventDate "2006.??.??"]

1. d4 e6 2. Nf3 b6 3. e4 Bb7 4. Bd3 Nf6 5. Qe2 d5 6. e5 Nfd7 7. Ng5 Be7 8. f4
c5 9. O-O c4 10. Nxe6 cxd3 11. Nxg7+ Kf8 12. Qh5 Kxg7 13. f5 Rg8 14. f6+ Nxf6
15. exf6+ Bxf6 16. Qh6+ Kh8 17. Qxf6+ Qxf6 18. Rxf6 Nc6 19. c3 Rae8 20. Rxf7
Re1+ 21. Rf1 Re2 22. g3 Bc8 23. Bh6 Bh3 24. Nd2 Bxf1 25. Rxf1 Re6 26. Bf4 Rge8
27. Rf3 Re1+ 28. Kg2 R8e2+ 29. Kh3 Rd1 30. Rxd3 h5 31. g4 Rf2 32. Kg3 Re2 33.
Kf3 Re8 34. gxh5 Kh7 35. Re3 Rxe3+ 36. Kxe3 Nd8 37. a4 Ne6 38. Bb8 a6 39. Ba7
b5 40. a5 Kh6 41. Nb3 Rb1 42. Nc5 Ng5 43. Nxa6 Rxb2 44. Nb4 Ne4 45. Nxd5 Nd6
46. a6 1-0

[Event "FESTIVAL DES JEUX - OPEN A"]
[Site "CANNES"]
[Date "2006.02.13"]
[Round "2.1"]
[White "Miladinovic, Igor"]
[Black "Castaldo, Folco"]
[Result "1-0"]
[WhiteElo "2607"]
[BlackElo "2363"]
[PlyCount "71"]
[EventDate "2006.??.??"]

1. d4 e6 2. e4 d5 3. Nc3 Nf6 4. e5 Nfd7 5. f4 c5 6. Nf3 Nc6 7. Be3 cxd4 8. Nxd4
Bc5 9. Qd2 O-O 10. h4 a6 11. h5 Nxd4 12. Bxd4 b5 13. h6 g6 14. Rh3 b4 15. Na4
Bxd4 16. Qxd4 f6 17. exf6 Qxf6 18. Rd1 Bb7 19. Qxf6 Rxf6 20. Rd4 Raf8 21. Rxb4
Bc6 22. Nb6 a5 23. Nxd7 Bxd7 24. Rb7 Rxf4 25. Be2 R4f7 26. Re3 Bc8 27. Rb6 Rc7
28. Kd2 Rf4 29. Rb8 Kf7 30. Rc3 Rxc3 31. bxc3 Bd7 32. Rh8 Kf6 33. g3 Rf5 34.
Rxh7 Be8 35. Rh8 Bf7 36. Rb8 1-0

[Event "FESTIVAL DES JEUX - OPEN A"]
[Site "CANNES"]
[Date "2006.02.13"]
[Round "2.2"]
[White "Armas, Julius"]
[Black "Fedorchuk, Sergey A"]
[Result "0-1"]
[WhiteElo "2364"]
[BlackElo "2590"]
[PlyCount "94"]
[EventDate "2006.??.??"]

1. e4 c5 2. Nf3 d6 3. d3 Nc6 4. g3 g6 5. Bg2 Bg7 6. c3 Nf6 7. O-O O-O 8. h3 c4
9. Re1 cxd3 10. Qxd3 Be6 11. Nbd2 Qa5 12. Nd4 Nxd4 13. cxd4 Rac8 14. d5 Bd7 15.
Nf3 Bb5 16. Qe3 Rc4 17. Bd2 Qa6 18. Nh2 Nd7 19. Bf1 Rc2 20. Qb3 Rxb2 21. Bxb5
Qxb5 22. Qxb5 Rxb5 23. Rab1 Rxb1 24. Rxb1 b6 25. Rc1 Nc5 26. f3 f5 27. Bg5 Bf6
28. Bxf6 Rxf6 29. Re1 fxe4 30. fxe4 e5 31. Re3 a5 32. Nf3 b5 33. Kf2 Kf8 34.
Ke2 Ke7 35. Nd2 Kd7 36. Nb3 a4 37. Na5 b4 38. Nc4 Rf8 39. Nd2 Kc7 40. h4 h6 41.
Nf3 g5 42. hxg5 hxg5 43. Nd2 g4 44. Ke1 Rh8 45. Nf1 a3 46. Re2 b3 47. axb3 Nd3+
0-1

[Event "FESTIVAL DES JEUX - OPEN A"]
[Site "CANNES"]
[Date "2006.02.13"]
[Round "2.3"]
[White "Ivanisevic, Ivan"]
[Black "Amigues, Emmanuel"]
[Result "1/2-1/2"]
[WhiteElo "2588"]
[BlackElo "2332"]
[PlyCount "58"]
[EventDate "2006.??.??"]

1. d4 e6 2. e4 d5 3. Nc3 Nf6 4. Bg5 dxe4 5. Nxe4 Be7 6. Bxf6 Bxf6 7. Nf3 Nd7 8.
Qd2 Be7 9. O-O-O c6 10. Kb1 Qc7 11. c4 O-O 12. h4 b5 13. c5 Rd8 14. Bd3 e5 15.
Nd6 Bxd6 16. cxd6 Qxd6 17. dxe5 Qe7 18. Bf5 Nf8 19. Qc2 Bxf5 20. Qxf5 Rxd1+ 21.
Rxd1 Rd8 22. Qc2 Rxd1+ 23. Qxd1 Ne6 24. Qc2 Qd7 25. Qd2 Qe7 26. Qe3 Qd7 27. Kc2
h6 28. Qd2 Qc7 29. Qe3 Qa5 1/2-1/2

[Event "FESTIVAL DES JEUX - OPEN A"]
[Site "CANNES"]
[Date "2006.02.13"]
[Round "2.4"]
[White "Leconte, Maria"]
[Black "Palac, Mladen"]
[Result "1-0"]
[WhiteElo "2332"]
[BlackElo "2561"]
[PlyCount "95"]
[EventDate "2006.??.??"]

1. e4 c5 2. Nf3 d6 3. d4 cxd4 4. Nxd4 Nf6 5. Nc3 a6 6. g3 e5 7. Nb3 Be7 8. Bg2
O-O 9. O-O Qc7 10. Re1 b5 11. Bd2 Bg4 12. Nd5 Nxd5 13. Qxg4 Nb6 14. Rad1 N8d7
15. Bh6 Bf6 16. c3 Rfb8 17. Bc1 a5 18. Nd2 b4 19. Re3 Nc5 20. h4 Qe7 21. Qe2
Rc8 22. Nc4 Nxc4 23. Qxc4 Nd7 24. Qd3 bxc3 25. bxc3 Nb6 26. Bh3 Rc6 27. Rf3 Kf8
28. Rxf6 gxf6 29. Bh6+ Ke8 30. Bg7 Kd8 31. Rb1 Kc7 32. h5 Na4 33. Qb5 Nc5 34.
h6 f5 35. Bxf5 Qg5 36. Bxh7 Qd2 37. Bf5 Qxa2 38. h7 a4 39. h8=Q Rxh8 40. Bxh8
Nb3 41. Rd1 Qc2 42. Rxd6 Rxd6 43. Bxe5 Qd1+ 44. Kg2 Kd8 45. Qb8+ Ke7 46. Qc7+
Rd7 47. Bxd7 Qxd7 48. Bf6+ 1-0

[Event "FESTIVAL DES JEUX - OPEN A"]
[Site "CANNES"]
[Date "2006.02.13"]
[Round "2.5"]
[White "Leygue, Dominique"]
[Black "Cvitan, Ognjen"]
[Result "1/2-1/2"]
[WhiteElo "2329"]
[BlackElo "2528"]
[PlyCount "42"]
[EventDate "2006.??.??"]

1. e4 c5 2. Nf3 d6 3. d4 cxd4 4. Nxd4 Nf6 5. Nc3 e6 6. Be2 a6 7. Be3 Qc7 8. f4
Be7 9. O-O O-O 10. g4 d5 11. exd5 Nxd5 12. Nxd5 exd5 13. Bf3 Rd8 14. c3 Nc6 15.
Qe2 Bd7 16. Qg2 Nxd4 17. Bxd4 Bb5 18. Rfe1 Bh4 19. Be5 Qc5+ 20. Bd4 Qc7 21. Be5
Qc5+ 1/2-1/2

[Event "FESTIVAL DES JEUX - OPEN A"]
[Site "CANNES"]
[Date "2006.02.13"]
[Round "2.6"]
[White "King, Daniel J"]
[Black "Shoker, Samy"]
[Result "1-0"]
[WhiteElo "2526"]
[BlackElo "2315"]
[PlyCount "127"]
[EventDate "2006.??.??"]

1. e4 g6 2. d4 Bg7 3. Nf3 d6 4. Bc4 a6 5. O-O e6 6. Qe2 Ne7 7. Bb3 h6 8. Rd1 b6
9. Nbd2 Bb7 10. Nf1 Qc8 11. Ng3 Nd7 12. c3 a5 13. a4 Ra7 14. h3 Ba6 15. Qe1 O-O
16. Bf4 e5 17. Be3 c5 18. Qd2 Kh7 19. dxe5 Nxe5 20. Qxd6 Bc4 21. Nxe5 Bxb3 22.
Nd7 Bxd1 23. Nxf8+ Bxf8 24. Rxd1 Rb7 25. Qd8 Qxd8 26. Rxd8 Bg7 27. f4 h5 28. e5
g5 29. Nxh5 Ng8 30. Bc1 gxf4 31. Bxf4 b5 32. axb5 Rxb5 33. Rd2 c4 34. Nxg7 Kxg7
35. Kf2 a4 36. Kf3 Ne7 37. Ke4 Ng6 38. g3 Rb7 39. h4 Nf8 40. h5 Ne6 41. Be3 Rb3
42. Bd4 Rb5 43. g4 Ng5+ 44. Ke3 Ne6 45. Rf2 Rb7 46. Ke4 Rb5 47. Be3 Rb3 48. h6+
Kg8 49. h7+ Kxh7 50. Rxf7+ Kg8 51. Re7 Nf8 52. Ra7 Rxb2 53. Rxa4 Ng6 54. Bd4
Rg2 55. Rxc4 Rxg4+ 56. Kf5 Rg2 57. Rc8+ Kg7 58. Rc7+ Kg8 59. e6 Nh4+ 60. Kf6
Rg6+ 61. Ke5 Rg4 62. Rc8+ Kh7 63. e7 Ng6+ 64. Kd6 1-0

[Event "FESTIVAL DES JEUX - OPEN A"]
[Site "CANNES"]
[Date "2006.02.13"]
[Round "2.7"]
[White "Riff, Vincent"]
[Black "Fontaine, Robert"]
[Result "1/2-1/2"]
[WhiteElo "2306"]
[BlackElo "2524"]
[PlyCount "71"]
[EventDate "2006.??.??"]

1. Nf3 d5 2. e3 Nf6 3. c4 c6 4. b3 Bg4 5. Bb2 e6 6. Be2 Nbd7 7. O-O Bd6 8. d4
Qb8 9. h3 Bh5 10. Nc3 O-O 11. Qc2 Re8 12. Rfd1 Bg6 13. Bd3 b5 14. Bxg6 hxg6 15.
Nd2 Qb7 16. e4 Bf4 17. e5 Bxd2 18. Qxd2 Nh7 19. cxb5 cxb5 20. Ne2 f6 21. Nf4
Nhf8 22. Ba3 g5 23. Nd3 Ng6 24. Rac1 Rac8 25. Bd6 Qb6 26. Bc5 Nxc5 27. Nxc5
Nxe5 28. dxe5 Rxc5 29. Rxc5 Qxc5 30. exf6 gxf6 31. Rc1 Qd6 32. Qd3 Kg7 33. Qxb5
Re7 34. Rc6 Qe5 35. Qc5 Rf7 36. Ra6 1/2-1/2

[Event "FESTIVAL DES JEUX - OPEN A"]
[Site "CANNES"]
[Date "2006.02.13"]
[Round "2.8"]
[White "Maze, Sebastien"]
[Black "Velcheva, Maria"]
[Result "1-0"]
[WhiteElo "2518"]
[BlackElo "2286"]
[PlyCount "129"]
[EventDate "2006.??.??"]

1. e4 c5 2. Nf3 e6 3. d4 cxd4 4. Nxd4 Nc6 5. Nc3 Qc7 6. Be3 a6 7. Bd3 Nf6 8.
O-O Nxd4 9. Bxd4 Bc5 10. Bxc5 Qxc5 11. Qd2 d6 12. Kh1 Bd7 13. f4 h5 14. Rae1 h4
15. e5 Nh5 16. Qe3 Qxe3 17. Rxe3 dxe5 18. fxe5 Ke7 19. Ne4 Bc6 20. Ng5 Raf8 21.
Kg1 f6 22. exf6+ Rxf6 23. Rxf6 Kxf6 24. Nf3 Nf4 25. Be4 Bxe4 26. Rxe4 g5 27. g3
hxg3 28. hxg3 Ng6 29. Rb4 Rh7 30. Rb6 g4 31. Nd4 Nf8 32. Kf2 Ke5 33. Ke3 Kd5
34. a4 Rf7 35. a5 Rc7 36. c3 Rf7 37. Kd3 Rc7 38. Nc2 Ke5 39. Ne3 Rd7+ 40. Ke2
Rg7 41. Rb4 Kd6 42. Rxg4 Rh7 43. Rd4+ Ke5 44. Nc4+ Kf6 45. Kf3 Ng6 46. Nd6 Ne5+
47. Kg2 Nc6 48. Rf4+ Ke5 49. Nc4+ Kd5 50. Ne3+ Kd6 51. b4 Ne5 52. Rd4+ Kc6 53.
g4 Nf7 54. Rd1 b6 55. axb6 Kxb6 56. Rd7 Kb5 57. Rb7+ Kc6 58. Re7 Kd6 59. Ra7
Ke5 60. Rxa6 Ng5 61. Nd1 Rh3 62. Ra5+ Kf4 63. Rxg5 Rd3 64. Nf2 Rg3+ 65. Kf1 1-0

[Event "FESTIVAL DES JEUX - OPEN A"]
[Site "CANNES"]
[Date "2006.02.13"]
[Round "2.9"]
[White "Valenti, Giuseppe"]
[Black "Kekelidze, Mikheil"]
[Result "0-1"]
[WhiteElo "2280"]
[BlackElo "2516"]
[PlyCount "116"]
[EventDate "2006.??.??"]

1. e4 c5 2. Nf3 e6 3. d4 cxd4 4. Nxd4 a6 5. Bd3 Bc5 6. Nb3 Bb6 7. O-O Ne7 8. c4
d6 9. Nc3 O-O 10. Kh1 e5 11. Qe2 Nbc6 12. Be3 Be6 13. Rfd1 Rc8 14. Rac1 Nb4 15.
Bb1 Bxc4 16. Qd2 Bxe3 17. Qxe3 Bxb3 18. axb3 b5 19. f4 Nec6 20. fxe5 Nxe5 21.
Qd4 Nbc6 22. Qxd6 Qxd6 23. Rxd6 Rfd8 24. Rd5 f6 25. Rcd1 Kf8 26. R1d2 b4 27.
Ne2 Ke8 28. h3 Ne7 29. Rxd8+ Rxd8 30. Rxd8+ Kxd8 31. Kg1 Kd7 32. Kf2 h5 33. Ke3
h4 34. Kd4 Kd6 35. Nf4 g6 36. Bc2 a5 37. Bd1 g5 38. Nh5 N7c6+ 39. Ke3 Nd7 40.
g3 hxg3 41. Nxg3 Ke5 42. Nh1 Kd6 43. Nf2 Nde5 44. Bh5 a4 45. bxa4 Nc4+ 46. Kd3
Nxb2+ 47. Kc2 Nxa4 48. Kb3 Nc5+ 49. Kc4 Ne5+ 50. Kxb4 Ncd3+ 51. Nxd3 Nxd3+ 52.
Kc4 Nf2 53. Kd4 Nxh3 54. e5+ fxe5+ 55. Ke4 g4 56. Bxg4 Nf2+ 57. Kf3 Nxg4 58.
Kxg4 Kd5 0-1

[Event "FESTIVAL DES JEUX - OPEN A"]
[Site "CANNES"]
[Date "2006.02.13"]
[Round "2.10"]
[White "Rivello, Roberto"]
[Black "Brkic, Ante"]
[Result "0-1"]
[WhiteElo "2269"]
[BlackElo "2506"]
[PlyCount "51"]
[EventDate "2006.??.??"]

1. e4 c5 2. Nf3 d6 3. d4 cxd4 4. Nxd4 Nf6 5. Nc3 a6 6. f4 e6 7. Bd3 Nbd7 8. O-O
b5 9. a3 Bb7 10. Kh1 Rc8 11. Qe1 Nc5 12. Nf3 Be7 13. b4 Nxd3 14. cxd3 O-O 15.
Bb2 Nd7 16. Qg3 Bf6 17. e5 dxe5 18. fxe5 Be7 19. Ne4 Bxe4 20. dxe4 h6 21. Rf2
Rc4 22. Rd1 Qc7 23. Rdf1 Rxe4 24. Bc1 h5 25. Qh3 Nxe5 26. Bf4 0-1

[Event "FESTIVAL DES JEUX - OPEN A"]
[Site "CANNES"]
[Date "2006.02.14"]
[Round "3.1"]
[White "Skembris, Spyridon"]
[Black "Miladinovic, Igor"]
[Result "1-0"]
[WhiteElo "2451"]
[BlackElo "2607"]
[PlyCount "119"]
[EventDate "2006.??.??"]

1. d4 d5 2. c4 Nc6 3. cxd5 Qxd5 4. e3 e5 5. Nc3 Bb4 6. Bd2 Bxc3 7. Bxc3 exd4 8.
Ne2 Nf6 9. Nxd4 O-O 10. Qb3 Qxb3 11. axb3 Nxd4 12. Bxd4 Nd5 13. Bc4 Nb4 14. O-O
Nc6 15. Bc5 Rd8 16. Bb5 Rd5 17. Bxc6 Rxc5 18. Rfd1 g6 19. Rd8+ Kg7 20. Bd7 Bxd7
21. Rxa8 a6 22. Rd8 Be6 23. Rd3 c6 24. Rc3 Rb5 25. Ra3 Rd5 26. Kf1 Rd2 27. Ra2
Bg4 28. Rc1 Rd3 29. Ra4 Bc8 30. Rb4 Rd2 31. Rb1 c5 32. Rc4 Bf5 33. Ke1 Rd3 34.
e4 b5 35. Rxc5 Bxe4 36. f3 Bf5 37. g4 Be6 38. Rc3 Rd4 39. Ra1 Rb4 40. Rxa6 Bxb3
41. Rd6 Bc4 42. Rd2 g5 43. Kf2 h5 44. h3 hxg4 45. hxg4 Kf6 46. Kg3 Kg7 47. Re3
Kf6 48. Rd6+ Be6 49. b3 Kg7 50. Rb6 Bxb3 51. Re5 Bc4 52. Rxg5+ Kf8 53. Re5 Rb1
54. f4 Rh1 55. f5 Kg7 56. Re8 Bd3 57. Kf4 Rc1 58. Kg5 Rc7 59. Rd8 Be2 60. Rd2
1-0

[Event "FESTIVAL DES JEUX - OPEN A"]
[Site "CANNES"]
[Date "2006.02.14"]
[Round "3.2"]
[White "Fedorchuk, Sergey A"]
[Black "Saric, Ante"]
[Result "0-1"]
[WhiteElo "2590"]
[BlackElo "2455"]
[PlyCount "108"]
[EventDate "2006.??.??"]

1. e4 e5 2. Nf3 Nf6 3. Nxe5 d6 4. Nf3 Nxe4 5. Nc3 Nf6 6. d4 d5 7. Bd3 c6 8. Ne2
g6 9. Bg5 h6 10. Bf4 Bg7 11. Qd2 Nbd7 12. Ng3 Nf8 13. O-O Ne6 14. Rfe1 h5 15.
Ng5 h4 16. Nf1 O-O 17. Nxe6 Bxe6 18. Bxg6 fxg6 19. Rxe6 Qd7 20. Rae1 Ne4 21.
R1xe4 dxe4 22. Rxg6 Kh7 23. Rd6 Qf5 24. Be5 Rfd8 25. Ne3 Qg5 26. Rxd8 Rxd8 27.
Bxg7 Qxg7 28. c3 h3 29. g3 Qf7 30. Qe2 Rf8 31. b3 Qf3 32. Qxf3 exf3 33. Kf1 Re8
34. Ke1 Kg6 35. Kd2 b5 36. Kd3 a6 37. a3 Kf7 38. a4 bxa4 39. bxa4 Kg6 40. c4
Rb8 41. Ke4 Rb2 42. Kxf3 Ra2 43. c5 Kf7 44. Ng4 Ke6 45. Ke4 Rxa4 46. f4 Ra2 47.
f5+ Ke7 48. d5 Ra4+ 49. Ke5 Rxg4 50. f6+ Kf7 51. dxc6 a5 52. c7 Rg8 53. Kd6 a4
54. Kd7 a3 0-1

[Event "FESTIVAL DES JEUX - OPEN A"]
[Site "CANNES"]
[Date "2006.02.14"]
[Round "3.3"]
[White "Sanchez, Joseph"]
[Black "King, Daniel J"]
[Result "0-1"]
[WhiteElo "2435"]
[BlackElo "2526"]
[PlyCount "72"]
[EventDate "2006.??.??"]

1. e4 c5 2. Nf3 d6 3. d4 cxd4 4. Nxd4 Nf6 5. Nc3 a6 6. Be3 e5 7. Nb3 Be7 8. f3
Be6 9. Qd2 h5 10. Be2 Nbd7 11. Nd5 Bxd5 12. exd5 a5 13. a4 O-O 14. O-O Qc7 15.
c4 Nc5 16. Nxc5 dxc5 17. Kh1 Bd6 18. g4 Rfe8 19. Rg1 hxg4 20. fxg4 Nd7 21. g5
e4 22. g6 f5 23. Raf1 f4 24. Bxf4 Bxf4 25. Qxf4 Qxf4 26. Rxf4 Nf6 27. Rg3 b6
28. Re3 Re5 29. Bg4 Kf8 30. Kg2 Rg5 31. Kg3 Re8 32. d6 Rxg6 33. Kh4 Re5 34. h3
Ke8 35. Rb3 e3 36. Be2 Rg2 0-1

[Event "FESTIVAL DES JEUX - OPEN A"]
[Site "CANNES"]
[Date "2006.02.14"]
[Round "3.4"]
[White "Bujisho, Benjamin"]
[Black "Maze, Sebastien"]
[Result "0-1"]
[WhiteElo "2386"]
[BlackElo "2518"]
[PlyCount "82"]
[EventDate "2006.??.??"]

1. Nf3 c5 2. c4 Nc6 3. g3 e5 4. d3 f5 5. Bg2 Nf6 6. O-O Be7 7. Nc3 O-O 8. Bg5
d6 9. Rb1 Be6 10. Nd2 Kh8 11. a3 Ng8 12. Bxe7 Ngxe7 13. Nd5 Rc8 14. e3 Bg8 15.
Qa4 Nxd5 16. cxd5 Ne7 17. e4 a6 18. b4 fxe4 19. dxe4 c4 20. Bh3 Rc7 21. b5 c3
22. Nc4 axb5 23. Rxb5 Qe8 24. Qb3 Qh5 25. Rxb7 Rxb7 26. Qxb7 Qxh3 27. Qxe7
Qxf1+ 28. Kxf1 c2 29. Nxd6 c1=Q+ 30. Kg2 Rf6 31. Nf5 Rxf5 32. exf5 Bxd5+ 33.
Kh3 Qh6+ 34. Kg4 Qf6 35. Qe8+ Bg8 36. a4 h6 37. h4 Kh7 38. f4 exf4 39. Kxf4 Bd5
40. Qe3 g5+ 41. Kg4 h5+ 0-1

[Event "FESTIVAL DES JEUX - OPEN A"]
[Site "CANNES"]
[Date "2006.02.14"]
[Round "3.5"]
[White "Kekelidze, Mikheil"]
[Black "Ivanov, Mikhail M"]
[Result "1-0"]
[WhiteElo "2516"]
[BlackElo "2447"]
[PlyCount "67"]
[EventDate "2006.??.??"]

1. d4 d5 2. c4 c6 3. Nf3 Nf6 4. Nc3 e6 5. g3 Nbd7 6. Bg2 Be7 7. O-O O-O 8. Nd2
b6 9. e4 Bb7 10. e5 Ne8 11. f4 Nc7 12. cxd5 cxd5 13. g4 f6 14. Nf3 b5 15. Be3
Nb6 16. b3 b4 17. Ne2 Ba6 18. Qd2 Rc8 19. f5 exf5 20. gxf5 Qd7 21. e6 Qe8 22.
Kh1 Nb5 23. Nf4 Nd6 24. Rg1 Rc3 25. Bf1 Bxf1 26. Raxf1 Nbc4 27. bxc4 Nxc4 28.
Qf2 Nxe3 29. Re1 Nc2 30. Rc1 Na3 31. Rxc3 bxc3 32. Ne2 c2 33. Nf4 Kh8 34. Qg3
1-0

[Event "FESTIVAL DES JEUX - OPEN A"]
[Site "CANNES"]
[Date "2006.02.14"]
[Round "3.6"]
[White "Brkic, Ante"]
[Black "Hunt, Adam"]
[Result "0-1"]
[WhiteElo "2506"]
[BlackElo "2431"]
[PlyCount "92"]
[EventDate "2006.??.??"]

1. e4 c5 2. Nf3 d6 3. d4 cxd4 4. Nxd4 Nf6 5. Nc3 a6 6. Be3 e5 7. Nb3 Be6 8. f3
Nbd7 9. Qd2 Be7 10. g4 b5 11. O-O-O O-O 12. g5 b4 13. Ne2 Ne8 14. Ng3 a5 15.
Kb1 a4 16. Nc1 Nc7 17. Nf5 d5 18. f4 d4 19. Nxe7+ Qxe7 20. Bf2 Nc5 21. Re1 b3
22. cxb3 axb3 23. a3 Na4 24. Qb4 Qd7 25. Nd3 Qc6 26. Rc1 Qxe4 27. Rg1 Nd5 28.
Qe1 Bf5 29. fxe5 Rfc8 30. Qxe4 Bxe4 31. Bxd4 Nf4 32. Rg3 Rxc1+ 33. Kxc1 Bxd3
34. Bxd3 Rd8 35. Bb5 Rxd4 36. Rxb3 g6 37. Kc2 Ne6 38. Be8 Nac5 39. Rb8 Kg7 40.
b4 Rc4+ 41. Kb2 Nd3+ 42. Kb3 Nxe5 43. Ra8 Nd4+ 44. Ka4 Rc3 45. Rd8 Nc2 46. Ka5
Rxa3+ 0-1